Score 0/7 Timer 03:00
0 Plays Today
Question Answer Wrong Answers
United States President Barack Obama officially states his support of this.
2012
Same-Sex Marriage
90%
Roe v. Wade
2.2%
Affirmative Action
2.5%
Charter Schools
1.1%
The United States House Committee on the Judiciary opens formal and public ______ hearings against President Richard Nixon.
1974
Impeachment
88.9%
Resignation
2.2%
Evaluation
1.2%
Criminal
3.8%
This American singer-songwriter and pianist, known for his hit ‘Piano Man’, is born.
1949
Billy Joel
84.8%
Elton John
9.8%
Tony Bennett
1.4%
Eric Clapton
1.6%
Italy formally annexes this country after taking the capital, Addis Ababa, on May 5th.
1936
Ethiopia
78.9%
Kenya
2.8%
Tunisia
9.2%
Algeria
8.5%
This man, one of the most colorful figures of the American Old West, brings his Wild West Show to London.
1887
Buffalo Bill Cody
65.1%
Wild Bill Hickok
22.5%
Billy the Kid
7.8%
Jesse James
4.6%
FCC Chairman Newton N. Minow gives his ‘Television and the Public Interest’ speech, in which he describes American commercial television programming as a “vast ______.”
1961
Wasteland
60.7%
Cesspool
16.6%
Wonderland
7.5%
Wilderness
11.8%
This man, the Vice-Chancellor of Nazi Germany, is captured by the US Seventh Army.
1945
Hermann Göring
30.3%
Heinrich Himmler
31.5%
Joseph Goebbels
21.8%
Rudolf Hess
14.7%
Remove Ads.
Support Sporcle.
Get the best of Sporcle when you Go Orange. This ad-free experience offers more features, more stats, and more fun while also helping to support Sporcle. Thank you for becoming a member.

You're not logged in!

Compare scores with friends on all Sporcle quizzes.
OR
Log In

Show Comments

Extras

Top Quizzes Today


Score Distribution

Your Account Isn't Verified!

In order to create a playlist on Sporcle, you need to verify the email address you used during registration. Go to your Sporcle Settings to finish the process.

Report this User

Report this user for behavior that violates our Community Guidelines.

Details: